| 000 | 01067nam a2200289 i 4500 | ||
|---|---|---|---|
| 001 | 167070 | ||
| 003 | ES-MaACL | ||
| 005 | 20230906213444.0 | ||
| 008 | 150325s2000 sp |||| | spa d | ||
| 020 | _a84-89768-47-1 Índigo | ||
| 020 | _a950-754-070-9 Continente | ||
| 080 | _a133.5:54 | ||
| 100 | 0 |
_aFulcanelli. _952993 |
|
| 245 | 1 | 4 |
_aLas moradas filosofales / _cFulcanelli ; traducción al castellano, Núria García i Amat ; introducción, Santiago Jubany i Closas. |
| 260 |
_a[Barcelona] : _bÍndigo ; _aBuenos Aires? : _bContinente, _c[2000] |
||
| 300 |
_a661 p., XLV p. de lam. ; _c22 cm. |
||
| 490 | 1 |
_aArchivo hermético ; _v10 |
|
| 650 | 4 |
_aAlquimia. _99742 |
|
| 650 | 4 |
_aSimbolismo cristiano. _917106 |
|
| 650 | 4 |
_aArquitectura- _xAspectos simbólicos. _9156615 |
|
| 650 | 4 |
_aCatedrales góticas. _9156614 |
|
| 700 | 0 |
_aGarcia i Amat, Núria. _954784 |
|
| 700 | 0 |
_aJubany i Closas, Santiago. _967173 |
|
| 830 | 0 |
_aArchivo hermético ; _v10 _9188644 |
|
| 852 |
_aES-MaACL _jL-30115 _z.- Donat. Miguel A. Velasco |
||
| 999 |
_c167070 _d167070 |
||